Internal combustion engines and air pollution (Record no. 4453)

000 -LEADER
fixed length control field 00551nam a22001937a 4500
001 - CONTROL NUMBER
control field 4453
003 - CONTROL NUMBER IDENTIFIER
control field BD-DhUET
008 - FIXED-LENGTH DATA ELEMENTS--GENERAL INFORMATION
fixed length control field 141116b xxu||||| |||| 00| 0 eng d
020 ## - INTERNATIONAL STANDARD BOOK NUMBER
International Standard Book Number 0352045600
040 ## - CATALOGING SOURCE
Transcribing agency 0
Modifying agency BD-DhUET
082 ## - DEWEY DECIMAL CLASSIFICATION NUMBER
Classification number 621.43
Item number OBE/1973
100 ## - MAIN ENTRY--PERSONAL NAME
Personal name Obert, Edward F.
245 ## - TITLE STATEMENT
Title Internal combustion engines and air pollution
Remainder of title based on internal combustion engines
250 ## - EDITION STATEMENT
Edition statement 3rd ed.
260 ## - PUBLICATION, DISTRIBUTION, ETC. (IMPRINT)
Place of publication, distribution, etc. New York
Name of publisher, distributor, etc. Intext Educational Publishers
Date of publication, distribution, etc. 1973
300 ## - PHYSICAL DESCRIPTION
Extent xiii, 740 p.
Other physical details ill.
650 #0 - SUBJECT ADDED ENTRY--TOPICAL TERM
Topical term or geographic name as entry element Internal combustion engines
942 ## - ADDED ENTRY ELEMENTS (KOHA)
Koha item type General Book
Holdings
Koha normalized classification for sorting Sublocation or collection (holding branch) Price effective from Koha date last seen Location (home branch) Not for loan Koha item type Source of classification or shelving scheme Piece designation (barcode) Withdrawn status Shelving location Date acquired Lost status Koha date last borrowed Damaged status Copy number Koha issues (times borrowed) Koha full call number
621_000000000000000_43OBE1973Central Library, BUET2014-11-162015-10-12Central Library, BUET General Book 42113 Circulation section2014-11-16 2014-11-16  1621.43/OBE/1973
621_430000000000000_OBE_1973Central Library, BUET2015-04-132018-02-17Central Library, BUET General Book 42111 Circulation section2015-04-13 2018-02-03 23621.43/OBE/1973
621_430000000000000_OBE_1973Central Library, BUET2015-06-162015-06-16Central Library, BUET Reading Item 42105 Reading section2015-06-16   3 621.43/OBE/1973
621_430000000000000_OBE_1973Central Library, BUET2015-06-302015-06-30Central Library, BUET Reading Item 48959 Reading section2015-06-30   4 621.43/OBE/1973
621_430000000000000_OBE_1973Central Library, BUET2015-07-022015-07-02Central Library, BUET Reading Item 42108 Reading section2015-07-02   5 621.43/OBE/1973
621_430000000000000_OBE_1973Central Library, BUET2015-07-042015-07-04Central Library, BUET Reading Item 48939 Reading section2015-07-04   6 621.43/OBE/1973